000 00690nam a2200217 u 4500
005 20210223131521.0
008 110517s2005 es r 000 0 spa d
020 _a8483168561
035 _aUPN01000180502
049 _aCG
050 4 _aHV875.58 E5
_bA3.6
245 0 3 _aLa adopción :
_bsituación y desafíos de futuro /
_ccoord. Jesús García Alba.
260 _aMadrid :
_bCCS,
_c2005.
300 _a275 p.
440 0 _aEducación, orientación y terapia familiar ;
_v5
650 4 _aADOPCION -
_zESPAÑA
_93104
650 4 _aADOPCION -
_xASPECTOS PSICOLOGICOS
_9201
650 4 _aADOPCION -
_xASPECTOS SOCIALES
_918885
700 1 _aGarcía Alba, Jesús,
_ecoord.
905 _aLibro
999 _c152605
_d152605